000 00981nam a22002297a 4500
999 _c6935
_d6935
003 AR-CdUCM
008 190319b ||||| |||| 00| 0 spa d
040 _aMUNICIPALIDAD PROVINCIAL DEL CUSCO
_cBIBLIOTECA MUNICIPAL DEL CUSCO
082 _a709 /
_bUN57
110 _aUnited Nations Eduational, Scientific and Cultural Organization
_919206
245 _aPinturas españolas románticas /
260 _aMéxico-Buenos Aires
_bEditorial Hermes,
_c1962
300 _a28 páginas ;
_bIlustraciones en color, desplegables
_c17 cm.
440 _aUnesco-Hermes Bolsilibros de Arte
_n3
_919540
505 _aContenido : Pedret. Fragmento de las pinturas prerrománicas de la capilla mayor. -- Boi. Almas en el seno de un Patriarca, en el paraiso -- Durro. Frontal de los Santos Quirico y Julita -- Polinyá...
650 _aArte
_9561
650 _aHistoria del arte
_91647
650 _aArte español
_91648
700 _aJuan Ainaud
_919541
942 _2ddc
_cLIBROS
945 _admma